000 01021njm a22002897a 4500
005 20100918104654.0
007 sd ammalaaahaa
008 100913t xxu||||| |||| 00| 0 hin d
028 _a2392. 894
_bPolydor
035 _aGR-03063
040 _aSED/VEN
100 _919606
245 _aJagrata part. 1 & 2 /
_h[sound recording] :
_cmusic Surinder Kohli ; lyric Chamanlal Josh
246 _aजगराता (सुरिंदर कोहली)
260 _aDum Dum, India
_bPolydor
_c1979
300 _a1 sound disc [Gramophone record] :
_banalog, 33 1/3 rpm
_c12 in. (LP)
_fGramophone record
500 _aBrief record.
500 _aPolydor
500 _aRed
505 _rGhar ghar wich mahima teri, Datiye main wi dekhan tera dwaar
650 _aClassical Music
_xExcerpts
_zIndia
_919607
700 _91184
_aKohli, Surinder
700 _919643
_aJosh, Chamanlal
700 _919690
942 _2ddc
_cGR
999 _c46648
_d46648